000 00472nab a2200181 4500
999 _c371670
_d371670
001 238538
003 OSt
005 20220608085727.0
007 tu
008 180201s2018|||||||
040 _aDE-2950
_cDE-2950
245 0 0 _aAdam, Eva und Corona.
_bMoment mal: Gedanken zu biblischen Texten /
_cUwe Stiehler
264 _c2022
653 _aPandemie / Corona
653 _aBibeltext
773 0 _gFebruar /März, 01.02. - 31.03.2022, S. 4
_tGemeindebrief
942 _2z
_cA